Statistics for Countries of the Soviet Union

Click here to take the quiz!

General Stats

  • This quiz has been taken 148,210 times
    (147,700 since last reset)
  • The average score is 13 of 15

Answer Stats

Country% Correct
Ukraine
96%
Estonia
92%
Latvia
92%
Belarus
91%
Lithuania
91%
Kazakhstan
90%
Russia
90%
Georgia
86%
Uzbekistan
85%
Armenia
84%
Azerbaijan
84%
Turkmenistan
84%
Tajikistan
82%
Kyrgyzstan
81%
Moldova
77%

Score Distribution

Percentile by Number Answered

Percent of People with Each Score

Your Score History

You have not taken this quiz since the last reset